Le Secret de la salle souterraine / (Record no. 3859)

MARC details
000 -LEADER
fixed length control field 01019pam a2200301 a 4500
001 - CONTROL NUMBER
control field 3859
003 - CONTROL NUMBER IDENTIFIER
control field FISKH
005 - DATE AND TIME OF LATEST TRANSACTION
control field 20240520081002.0
008 - FIXED-LENGTH DATA ELEMENTS--GENERAL INFORMATION
fixed length control field 240520b cb ||||| |||| 00| 0 fre d
010 ## - LIBRARY OF CONGRESS CONTROL NUMBER
LC control number 90003152
020 ## - INTERNATIONAL STANDARD BOOK NUMBER
International Standard Book Number 0803708645 (lib. bdg.)
020 ## - INTERNATIONAL STANDARD BOOK NUMBER
Canceled/invalid ISBN 0803706737 (hard)
040 ## - CATALOGING SOURCE
Original cataloging agency DLC
Transcribing agency DLC
Modifying agency DLC
Language of cataloging eng
042 ## - AUTHENTICATION CODE
Authentication code lcac
050 00 - LIBRARY OF CONGRESS CALL NUMBER
Classification number PZ7.B413
Item number Se 1990
082 00 - DEWEY DECIMAL CLASSIFICATION NUMBER
Classification number [Fic]
Edition number 20
100 1# - MAIN ENTRY--PERSONAL NAME
Personal name Bellairs, John.
245 10 - TITLE STATEMENT
Title Le Secret de la salle souterraine /
Statement of responsibility, etc. John Bellairs
260 ## - PUBLICATION, DISTRIBUTION, ETC.
Place of publication, distribution, etc. New York :
Name of publisher, distributor, etc. Editions Du Rochier,
Date of publication, distribution, etc. 1990
300 ## - PHYSICAL DESCRIPTION
Extent 178 pages :
Dimensions 22 cm
520 ## - SUMMARY, ETC.
Summary, etc. When Father Higgins disappears, Johnny Dixon and Professor Childermass discover disturbing clues which lead them to England and an encounter with a long-dead knight.
650 #1 - SUBJECT ADDED ENTRY--TOPICAL TERM
Topical term or geographic name entry element Mystery and detective stories.
650 #1 - SUBJECT ADDED ENTRY--TOPICAL TERM
Topical term or geographic name entry element Knights and knighthood
General subdivision Fiction.
651 #1 - SUBJECT ADDED ENTRY--GEOGRAPHIC NAME
Geographic name England
General subdivision Fiction.
906 ## - LOCAL DATA ELEMENT F, LDF (RLIN)
a 7
b cbc
c orignew
d 1
e ocip
f 19
g y-gencatlg
942 ## - ADDED ENTRY ELEMENTS (KOHA)
Source of classification or shelving scheme Dewey Decimal Classification
Koha item type Books
Suppress in OPAC No
Holdings
Withdrawn status Lost status Source of classification or shelving scheme Damaged status Not for loan Collection Home library Current library Shelving location Date acquired Total Checkouts Full call number Barcode Date last seen Date last checked out Price effective from Koha item type
    Dewey Decimal Classification     Juvenile Fiction Footprints International School Library Network Toul Kork Campus Footprints International School Library Network Toul Kork Campus TK Floor 4 Rear Hallway Shelf 1 (Adult/Secondary Foriegn Language/Khmer) 05/20/2024 1 BEL Fic PZ7.B413 2024-0639 01/08/2026 11/21/2025 05/20/2024 Books